Années d'histoire # 2 - Choix multiple - Statistiques

Statistiques générales
  • Ce quiz a été pris 969 fois
  • Le résultat moyen est 13 sur 20
Statistiques - réponses
Question Réponse % Correct
Attentats du 11 septembre contre les États-Unis 2001
100%
Le Japon et l'Allemagne se rendent, mettant fin à la Seconde Guerre mondiale 1945
99%
Julius Caesar assassiné 44 J-C
87%
L'esclavage est aboli dans l'Empire britannique 1833
80%
La crise des missiles cubains 1962
80%
Thomas Jefferson achète le territoire de la Louisiane à la France 1803
71%
Johannes Gutenberg invente l'imprimerie 1450
69%
La Constitution américaine ratifiée 1788
69%
Des chrétiens s'emparent de Jérusalem pendant la première croisade 1099
63%
Le Mayflower amène les pèlerins au Massachusetts 1620
62%
Abraham Lincoln assassiné 1865
59%
Henry V bat les Français à la bataille d'Agincourt 1415
58%
Une boulangerie sur Pudding Lane déclenche le grand incendie de Londres 1666
58%
Charles Lindbergh vole en solo de New York à Paris 1927
54%
La Grande Pyramide de Gizeh terminée (environ) 2560 J-C
54%
La reine Elizabeth I décède, mettant fin à la dynastie Tudor 1603
51%
L'Angleterre et l'Écosse sont rejointes par les Actes d'Union 1707
50%
Edward VIII abdique pour épouser la divorcée américaine Wallis Simpson 1936
50%
Les colonies britanniques s'unissent pour devenir le Dominion du Canada 1867
47%
Les chrétiens achèvent la "Reconquista" en battant le dernier royaume islamique d'Espagne 1492
40%
Aucun quiz correspondant
Distribution des résultats
% des personnes avec chaque résultat
Percentile par nombre de réponses
Votre historique - résultats
Vous n’avez pas pris ce quiz